| 000 | 01347nam a2200361 a 4500 | ||
|---|---|---|---|
| 005 | 20200104041521.0 | ||
| 008 | 140228b1995 eng||||| |||| 00| 0 eng d | ||
| 020 | _a0412483807 | ||
| 041 | _aeng | ||
| 044 | _aenk | ||
| 082 |
_a639.9 _bC93p |
||
| 100 | 1 |
_aCronk, Quentin C. B. _912750 |
|
| 245 | 1 | 0 |
_aPlant invaders : _bthe threat to natural ecosystems / _cuentin C.B. Cronk and Janice L. Fuller |
| 260 |
_aLondres _aNew York _bChapman & Hall, _c1995 |
||
| 300 |
_a xiv, 241 p. : _bil. _c24 cm. |
||
| 500 | _aWWF International (World Wide Fund for Nature); UNESCO (United Nations Educational, Scientific, and Cultural Organization; Royal Botanic Gardens, Kew, UK | ||
| 504 | _aIncluye referencias bibliográficas (p. 211-231) e índice. | ||
| 590 | _aTiene dedicación en manuscrito del Botanic Gardens | ||
| 650 | 0 |
_aEspecies invasoras _9308 |
|
| 650 | 0 |
_aInvasive plants _923808 |
|
| 650 | 0 |
_a Plant invasions. _923801 |
|
| 650 | 0 |
_a Plant conservation _923802 |
|
| 650 |
_aPlantas _923809 |
||
| 650 |
_aLegislación _923810 |
||
| 650 |
_aControl biológico _96833 |
||
| 650 |
_aControl químico _912754 |
||
| 650 |
_aInventarios _992201 |
||
| 700 |
_aFuller, Janice L. _912755 |
||
| 710 | 2 |
_aWorld Wide Fund for Nature _923805 |
|
| 710 | 2 |
_a Unesco. _914806 |
|
| 710 | 2 |
_aRoyal Botanic Gardens, Kew. _923806 |
|
| 942 |
_cImpreso _2ddc |
||
| 999 |
_c1537 _d1537 |
||